000 00695cam a2200229 4500
001 ABS62435
008 000000n2000 000 0 eng u
035 _a(Sirsi) u106681
100 _aCrawford-Ingle, A.
245 _aHazards have an upside
260 _c2000
490 _aEstates Gazette
_v(0022) 3 June 2000, 126(1)
520 _aLooks at how companies can approach risk management in a more positive light, and capitalise on the opportunities associated with risks.
590 _aABS
650 _aRISK MANAGEMENT
650 _aCOMPANIES
650 _aPROFITS
650 _aINTERNAL AUDITS
690 _aMANAGEMENT-BUSINESS MANAGEMENT
700 _aFrench, M.
942 _n0
999 _c63867
_d63867